| 000 | 01270cam a22002894a 4500 | ||
|---|---|---|---|
| 999 |
_c342585 _d342585 |
||
| 001 | 12885018 | ||
| 003 | NUST | ||
| 005 | 20180108131832.0 | ||
| 008 | 020806s2003 nyua e 001 0 eng | ||
| 010 | _a 2002032000 | ||
| 020 | _a0071410104 | ||
| 040 |
_aDLC _cDLC _dDLC |
||
| 042 | _apcc | ||
| 050 | 0 | 0 |
_aTJ210.4 _b.C65 2003 |
| 082 | 0 | 0 |
_a629.892 _221 |
| 245 | 0 | 0 |
_aConcise encyclopedia of robotics / _c[edited by] Stan Gibilisco. |
| 260 |
_aNew York : _bMcGraw-Hill, _c2003. |
||
| 300 |
_axiii, 365 p. : _bill. ; _c23 cm. |
||
| 500 | _aIncludes index. | ||
| 650 | 0 |
_aRobotics _vEncyclopedias. _98104 |
|
| 650 | 0 |
_aArtificial intelligence _vEncyclopedias. _98105 |
|
| 700 | 1 |
_aGibilisco, Stan. _92372 |
|
| 856 | 4 | 2 |
_3Contributor biographical information _uhttp://www.loc.gov/catdir/bios/mh041/2002032000.html |
| 856 | 4 | 1 |
_3Table of contents _uhttp://www.loc.gov/catdir/toc/mh031/2002032000.html |
| 906 |
_a7 _bcbc _corignew _d1 _eocip _f20 _gy-gencatlg |
||
| 942 |
_2ddc _cBK |
||